Batman Characters by Picture Quiz Stats

 Plays Quiz Updated Apr 30, 2015

Challenge
Share
Tweet
Score 0/20 Timer 06:00
0 Plays Today
% Correct
Bruce Wayne - Batman
98.8%
Alfred Pennyworth
94.2%
The Joker
91.8%
Selina Kyle - Catwoman
88.9%
Bane
87.1%
Harvey Dent - Two-Face
86%
Commissioner Gordon
84.3%
Dr. Crane - Scarecrow
78.1%
John Blake
73.2%
Lucius Fox
71.3%
% Correct
Henri Ducard - Ra's Al Ghul
62.3%
Rachel Dawes (Batman Begins)
62%
Rachel Dawes (The Dark Knight)
59.6%
Miranda Tate
44.5%
Mayor Garcia
40.9%
Carmine Falcone
35.7%
Ra's Al Ghul (decoy)
33.5%
Thomas Wayne
29.9%
Sal Maroni
21.1%
Foley
5.4%

You're not logged in!

Compare scores with friends on all Sporcle quizzes.
OR
Log In

You Might Also Like...

Show Comments

Extras

Top Quizzes Today


Score Distribution

Your Account Isn't Verified!

In order to create a playlist on Sporcle, you need to verify the email address you used during registration. Go to your Sporcle Settings to finish the process.

Report this User

Report this user for behavior that violates our Community Guidelines.

Details: